Los siete pasos hacia el amor

Saved in:
Bibliografiske detaljer
Hovedforfatter: Dalai Lama (Author)
Format: Bog
Sprog:spansk
Udgivet: Buenos Aires Debolsillo 2010
Udgivelse:1a. ed
Serier:Clave
Fag:
Tags: Tilføj Tag
Ingen Tags, Vær først til at tagge denne postø!

MARC

LEADER 00000nam a2200000 a 4500
001 UCG6683
003 CL-VaPUC
008 110512e20101200AG |||||||||||||||||spa|d
020 |a 9789875666221 
082 0 4 |a 290  |b DAL  |2 21 
100 0 |a Dalai Lama  |e author  |9 443439 
245 1 4 |a Los siete pasos hacia el amor 
250 |a 1a. ed 
300 |a 189 p 
942 |c BK 
945 |d 20110512 00:00:00  |a jcampos 
260 |a Buenos Aires  |b Debolsillo  |c 2010 
650 7 |a BUDISMO  |2 CL-VaPUC  |9 557011 
650 0 |a Desarrollo individual   |9 307875 
583 |a last modification  |c 20110512 00:00:00  |k Rodrigo Vera 
490 0 |a Clave 
999 |c 344834  |d 344832 
952 |0 0  |1 0  |4 0  |6 290_000000000000000_DAL_2010  |7 0  |8 C  |9 443123  |a BIBCUR  |b BIBCUR  |d 2019-11-22  |i 4776011  |l 2  |m 2  |o 290 DAL 2010  |p 4776011  |r 2025-04-22  |s 2024-11-13  |w 2019-11-22  |y BK  |k CAC